| 000 | 01814cam a22004214a 4500 | ||
|---|---|---|---|
| 999 |
_c529736 _d529736 |
||
| 001 | 12299171 | ||
| 003 | NUST | ||
| 005 | 20191002124943.0 | ||
| 008 | 010205s2000 dcua b 000 0 eng c | ||
| 010 | _a 00134422 | ||
| 020 | _a030906869X | ||
| 035 | _a(OCoLC)ocm44970539 | ||
| 038 | _aMSOHAIL | ||
| 040 |
_aTRL _cTRL _dIQU _dDLC |
||
| 042 | _apcc | ||
| 043 | _an-us--- | ||
| 050 | 0 | 0 |
_aHE206.2 _b.P49 2000 |
| 082 | _a0 | ||
| 100 | 1 |
_aPeyrebrune, Henry L. _922399 |
|
| 245 | 1 | 0 |
_aMultimodal aspects of statewide transportation planning / _cHenry L. Peyrebrune. |
| 246 | 3 | 0 | _aStatewide transportation planning |
| 260 |
_aWashington, D.C. : _bNational Academy Press, _c2000. |
||
| 300 |
_a58 p. : _bill. ; _c28 cm. |
||
| 440 | 0 |
_aSynthesis of highway practice, _x0547-5570 ; _v286 _922400 |
|
| 500 | _aAt head of title: National Cooperative Highway Research Program. | ||
| 500 | _a"Transportation Research Board, National Research Council." | ||
| 500 | _a"Research sponsored by the American Association of State Highway and Transportation Officials in cooperation with the Federal Highway Administration." | ||
| 504 | _aIncludes bibliographical references. | ||
| 650 | 0 |
_aTransportation _zUnited States _zStates _xPlanning. _922401 |
|
| 650 | 0 |
_aTransportation and state _zUnited States _zStates. _922402 |
|
| 710 | 2 |
_aNational Cooperative Highway Research Program. _920864 |
|
| 710 | 2 |
_aNational Research Council (U.S.). _bTransportation Research Board. _922403 |
|
| 710 | 2 |
_aAmerican Association of State Highway and Transportation Officials. _919553 |
|
| 710 | 1 |
_aUnited States. _bFederal Highway Administration." _920149 |
|
| 906 |
_a7 _bcbc _cpccadap _d2 _encip _f20 _gy-gencatlg |
||
| 942 |
_2ddc _cBK |
||